<?xml version="1.0" encoding="UTF-8"?>
<record
    xmlns:xsi="http://www.w3.org/2001/XMLSchema-instance"
    xsi:schemaLocation="http://www.loc.gov/MARC21/slim http://www.loc.gov/standards/marcxml/schema/MARC21slim.xsd"
    xmlns="http://www.loc.gov/MARC21/slim">

  <leader>02085    a2200229   4500</leader>
  <controlfield tag="001">26754</controlfield>
  <controlfield tag="005">20260407155545.0</controlfield>
  <controlfield tag="008">260407a1984    arg                 spa d</controlfield>
  <controlfield tag="003">AR-UNSa-BCEJYS</controlfield>
  <datafield tag="040" ind1=" " ind2=" ">
    <subfield code="a">AR-UNSa-BCEJYS</subfield>
    <subfield code="b">spa</subfield>
    <subfield code="c">AR-UNSa-BCEJYS</subfield>
  </datafield>
  <datafield tag="080" ind1=" " ind2=" ">
    <subfield code="a">658.8</subfield>
    <subfield code="x">Organizaci&#xF3;n de mercados. Marketing. Ventas. Distribuci&#xF3;n</subfield>
  </datafield>
  <datafield tag="245" ind1="1" ind2="0">
    <subfield code="a">Fundamentos de mercadotecnia</subfield>
  </datafield>
  <datafield tag="020" ind1=" " ind2=" ">
    <subfield code="a">968-880-025-2</subfield>
  </datafield>
  <datafield tag="264" ind1=" " ind2="1">
    <subfield code="a">M&#xE9;xico :</subfield>
    <subfield code="b">Prentice-Hall Hispanoamericana</subfield>
    <subfield code="c">1984</subfield>
  </datafield>
  <datafield tag="300" ind1=" " ind2=" ">
    <subfield code="a">648 p.</subfield>
    <subfield code="c">24 cm.</subfield>
  </datafield>
  <datafield tag="505" ind1=" " ind2=" ">
    <subfield code="a">1. Fundamentos sociales de mercadotecnia: satisfacci&#xF3;n de la necesidades humanas - 2. Procesos de la administraci&#xF3;n de mercadotecnia - 3. Investigaci&#xF3;n de mercadotecnia y sistemas de informaci&#xF3;n - 4. El ambiente de mercadotecnia - 5. Mercados de consumidores y comportamiento de compra del consumidor - 6. Mercados organizacionales y conducta organizacional del comprador - 7. Segmentaci&#xF3;n, selecci&#xF3;n de mercados y posicionamiento en el mercado - 8. Dise&#xF1;o de productos: Productoas, marcas, empaquetado y servicios - 9. Dise&#xF1;o de productos: estartegias relativas al desarrollo de nuevos productos y al ciclo de vida del producto - 10. Fijaci&#xF3;n de precios de los productos: Objetivos y pol&#xED;ticas de la fijaci&#xF3;n de precios - 11. Fijaci&#xF3;n de precios de los productos: estartegias relativas a la fijaci&#xF3;n de precios - 12. Colocaci&#xF3;n de los productos: canales de distribuci&#xF3;n y distribuci&#xF3;n f&#xED;sica - 13. Colocaci&#xF3;n de los productos: comercfio detallista y comercio mayorista - 14. Promoci&#xF3;n de los productos: Comunicaci&#xF3;n y estrategia de la promoci&#xF3;n - 15. Promoci&#xF3;n de productos: Publicidad, promoci&#xF3;n de ventas y publicidad no pagada - 16. Promoci&#xF3;n de los productos: Venta personal y administraci&#xF3;n de ventas - 17. Estrategia, planeaci&#xF3;n y control - 18. Mercadotecnia internacional - 19. Mercadotecnia de servicios y mercadotecnia no lucrativa - 20. Meracdotecnia y sociedad.</subfield>
  </datafield>
  <datafield tag="942" ind1=" " ind2=" ">
    <subfield code="c">BK</subfield>
  </datafield>
  <datafield tag="590" ind1=" " ind2=" ">
    <subfield code="a">niveau_biblio:m niveau_hierar:0</subfield>
  </datafield>
  <datafield tag="100" ind1="1" ind2=" ">
    <subfield code="a">Kotler, Philip</subfield>
  </datafield>
  <datafield tag="700" ind1="1" ind2=" ">
    <subfield code="a">Rosas S&#xE1;nchez, Rosa Mar&#xED;a</subfield>
  </datafield>
  <datafield tag="700" ind1="1" ind2=" ">
    <subfield code="a">Benassini F&#xE9;lix, Marcela</subfield>
  </datafield>
  <datafield tag="999" ind1=" " ind2=" ">
    <subfield code="c">1493</subfield>
    <subfield code="d">1493</subfield>
  </datafield>
  <datafield tag="952" ind1=" " ind2=" ">
    <subfield code="0">0</subfield>
    <subfield code="1">0</subfield>
    <subfield code="4">0</subfield>
    <subfield code="7">0</subfield>
    <subfield code="a">BCEJYS</subfield>
    <subfield code="b">BCEJYS</subfield>
    <subfield code="c">16</subfield>
    <subfield code="d">2026-04-07</subfield>
    <subfield code="l">0</subfield>
    <subfield code="o">658.8 K87f</subfield>
    <subfield code="p">L53107</subfield>
    <subfield code="r">2026-04-07 15:55:45</subfield>
    <subfield code="w">2026-04-07</subfield>
    <subfield code="y">L</subfield>
  </datafield>
  <datafield tag="952" ind1=" " ind2=" ">
    <subfield code="0">0</subfield>
    <subfield code="1">0</subfield>
    <subfield code="4">0</subfield>
    <subfield code="7">0</subfield>
    <subfield code="a">BCEJYS</subfield>
    <subfield code="b">BCEJYS</subfield>
    <subfield code="c">16</subfield>
    <subfield code="d">2026-04-07</subfield>
    <subfield code="l">0</subfield>
    <subfield code="o">658.8 K87f</subfield>
    <subfield code="p">L53106</subfield>
    <subfield code="r">2026-04-07 15:55:45</subfield>
    <subfield code="w">2026-04-07</subfield>
    <subfield code="y">L</subfield>
  </datafield>
</record>
